Normal view
MARC view
Entry Uniform Title
001 - CONTROL NUMBER
- control field: 30348
003 - CONTROL NUMBER IDENTIFIER
- control field: dpl
005 - DATE AND TIME OF LATEST TRANSACTION
- control field: 20110728154337.0
008 - FIXED-LENGTH DATA ELEMENTS
- fixed length control field: 110728|||a|||||| | ||| d
040 ## - CATALOGING SOURCE
- Original cataloging agency: dpl
- Transcribing agency: dpl
130 ## - HEADING--UNIFORM TITLE
- Uniform title:
670 ## - SOURCE DATA FOUND
- Source citation: Work cat.: (dpl)22040: माला कुमार 30347, कोल्हापुर से बेजिंग फ्रीस्टाइल /, 2008
670 ## - SOURCE DATA FOUND
- Source citation: Work cat.: (dpl)22040: माला कुमार 30347, कोल्हापुर से बेजिंग फ्रीस्टाइल /, 2008
